000 00780cam a22002411 4500
001 ne 68000982
003 DLC
005 20260227111839.0
008 900510s1967 iq b 000 0 ara
010 _ane 68000982
035 _a(OCoLC)21508190
040 _aDLC
_cWaU
_dWaU
_dDLC
042 _apremarc
050 0 0 _aBP136
_b.U4
100 1 _aʻUmarī, Akram Diyāʼ.
245 1 0 _aBuḥūth fī tārīkh al-sunnah al-musharrafah,
_ctaʼlīf Akram Ḍīyāʼ al-ʻUmarī.
250 _a[al-Ṭabʻah 1]
260 _aBaghdād,
_bMaṭbaʻat al-Irshād,
_c1967.
300 _a12, 174 p.
_c24 cm.
500 _aCover title: The prophetic traditions of Islam; a historical study, by Akram Diya al-Umari.
504 _aBibliography: p. 158-173.
650 0 _aHadith
_xHistory.
999 _c50211
_d50211